El pequeño libro de las curiosidades /

Guardat en:
Dades bibliogràfiques
Autor principal: Sosa, Miguel (Sosa Lázaro) (autor.)
Altres autors: Duñaiturria, Amparo (ilustrador.), Piedrahita, Luis, 1977- (prologuista.)
Format: eBook
Idioma:espanyol
Publicat: Barcelona : Alienta Editorial, 2018.
Matèries:
Accés en línia:https://elibro.unach.elogim.com/es/lc/unach/titulos/290997
Etiquetes: Afegir etiqueta
Sense etiquetes, Sigues el primer a etiquetar aquest registre!

MARC

LEADER 00000nam a2200000 i 4500
001 ELB290997
003 FINmELB
005 251215004139.0
006 m o u
007 cr cn|||||||||
008 251212s2018 sp a ob 000 0 spa d
020 |a 9788432904431  |q (epub) 
035 |a (OCoLC)1564682828 
040 |a FINmELB  |b spa  |e rda  |c FINmELB 
050 4 |a AG243  |b .S673 2018 
080 |a 001.94 
082 0 4 |a 031.02  |2 23 
100 1 |a Sosa, Miguel  |q (Sosa Lázaro),  |e autor. 
245 1 3 |a El pequeño libro de las curiosidades /  |c Miguel Sosa ; dibujos de cubierta, guardas e interior, Amparo Duñaiturria ; prólogo, Luis Piedrahita. 
264 1 |a Barcelona :  |b Alienta Editorial,  |c 2018. 
300 |a 1 recurso en línea :  |b ilustraciones (blanco y negro) 
336 |a texto  |b txt  |2 rdacontent/spa 
337 |a computadora  |b c  |2 rdamedia/spa 
338 |a recurso en línea  |b cr  |2 rdacarrier/spa 
504 |a Bibliografía: páginas 295-300. 
588 |a Descripción basada en metadatos suministrados por el editor y otras fuentes. 
590 |a Recurso electrónico. Santa Fe, Arg.: elibro, 2025. Disponible vía World Wide Web. El acceso puede estar limitado para las bibliotecas afiliadas a elibro. 
650 4 |a Curiosidades y maravillas. 
655 4 |a Libros electrónicos. 
700 1 |a Duñaiturria, Amparo,  |e ilustrador. 
700 1 |a Piedrahita, Luis,  |d 1977-  |e prologuista. 
797 2 |a elibro, Corp. 
856 4 0 |u https://elibro.unach.elogim.com/es/lc/unach/titulos/290997